[Event "World Rapid 2021"]
[Site "Warsaw POL"]
[Date "2021.12.26"]
[Round "2.28"]
[White "Suleymanli, Aydin"]
[Black "Quparadze, Giga"]
[Result "0-1"]
[WhiteTitle "GM"]
[BlackTitle "GM"]
[WhiteElo "2537"]
[BlackElo "2477"]
[WhiteFideId "13413937"]
[BlackFideId "13602250"]
[EventDate "2021.12.26"]

1. d4 Nf6 2. Bg5 d5 3. Nd2 Nbd7 4. e3 h6 5. Bh4 e5 6. c3 Bd6 7. dxe5 Nxe5 8.
Ngf3 Ng6 9. Bg3 O-O 10. Bd3 b6 11. Qc2 Bxg3 12. hxg3 Qe8 13. c4 c5 14. cxd5 Nxd5
15. a3 Bb7 16. Nc4 Rd8 17. O-O-O b5 18. Bxg6 bxc4 19. Bh7+ Kh8 20. Bf5 c3 21. e4
Nf6 22. Rxd8 Qxd8 23. Qxc3 Bxe4 24. Nh4 Qd5 25. Bxe4 Nxe4 26. Qc2 Rd8 27. Re1
Nd2 28. Nf5 Qa2 29. Nd4 cxd4 30. Kxd2 d3 31. Qc3 Rb8 32. Re5 Qb1 33. Rc5 Rxb2+
34. Ke3 Re2+ 35. Kf3 d2 0-1

[Event "World Rapid 2021"]
[Site "Warsaw POL"]
[Date "2021.12.26"]
[Round "2.37"]
[White "Sargissian, Gabriel"]
[Black "Sanal, Vahap"]
[Result "1-0"]
[WhiteTitle "GM"]
[BlackTitle "GM"]
[WhiteElo "2681"]
[BlackElo "2601"]
[WhiteFideId "13300881"]
[BlackFideId "6300545"]
[EventDate "2021.12.26"]

1. d4 Nf6 2. c4 e6 3. Nf3 b6 4. g3 Bb7 5. Bg2 Be7 6. O-O O-O 7. h4 Na6 8. Nc3
Ne4 9. Nxe4 Bxe4 10. Ng5 Bxg2 11. Kxg2 h6 12. Nh3 d5 13. Qa4 Qc8 14. cxd5 exd5
15. Nf4 Rd8 16. Qb3 Qf5 17. Rd1 Nb4 18. Be3 c5 19. dxc5 bxc5 20. Bd2 Nc2 21.
Rac1 Nd4 22. Qd3 Qxd3 23. exd3 Rac8 24. Bc3 Nc6 25. b3 a5 26. Bd2 a4 27. bxa4
Ra8 28. a5 Nxa5 29. Bxa5 Rxa5 30. Rc2 Ra3 31. Ne2 Rda8 32. Nc3 d4 33. Nd5 Bf8
34. Nb6 Rxa2 35. Rxa2 Rxa2 36. Nc4 h5 37. Rb1 Ra8 38. Rb7 Re8 39. Rd7 Re1 40. f4
Re8 41. Ne5 Be7 42. Rd5 g6 43. Rd7 Kf8 44. Kf3 Ra8 45. Rb7 Ke8 46. Ke4 Kf8 47.
Nc6 Bf6 48. Rb8+ Rxb8 49. Nxb8 Bd8 50. Nd7+ Ke7 51. Nxc5 Ba5 52. Nb3 Be1 53. Kf3
Bc3 54. f5 gxf5 55. Nc1 Bd2 56. Nb3 Be3 57. Na1 Bd2 58. Nb3 Bc3 59. Nc1 Bd2 60.
Nb3 Be3 61. Na1 Bc1 62. Nb3 Bb2 63. Kf4 Kf6 64. Na5 Bc1+ 65. Kf3 Ke6 66. Nc6 Be3
67. Nd8+ Ke7 68. Nc6+ Kf6 69. Nb4 Ke6 70. Nc2 Bg1 71. Kg2 Be3 72. Nxe3 dxe3 73.
Kf3 f4 74. gxf4 Kd5 75. Kxe3 f5 76. Ke2 Kc5 77. Kd1 Kd5 78. Kc2 Kc5 79. Kc3 Kd5
80. d4 Ke4 81. Kc4 Kxf4 82. d5 Kg3 83. d6 f4 84. d7 f3 85. d8=Q f2 86. Qf6 Kg2
87. Kd4 f1=Q 88. Qxf1+ Kxf1 1-0

[Event "World Rapid 2021"]
[Site "Warsaw POL"]
[Date "2021.12.26"]
[Round "2.45"]
[White "Smirin, Ilia"]
[Black "Faizrakhmanov, Ramil"]
[Result "1/2-1/2"]
[WhiteTitle "GM"]
[BlackTitle "IM"]
[WhiteElo "2626"]
[BlackElo "2480"]
[WhiteFideId "2801990"]
[BlackFideId "24103209"]
[EventDate "2021.12.26"]

1. e4 c6 2. d4 d5 3. e5 Bf5 4. Nf3 e6 5. Be2 Ne7 6. c3 Nd7 7. O-O c5 8. dxc5
Nxc5 9. Nd4 a6 10. g4 Bxb1 11. Rxb1 Nc6 12. f4 Be7 13. Be3 O-O 14. c4 Nxd4 15.
Qxd4 dxc4 16. Qxc4 b5 17. Qc2 Rc8 18. Rfd1 Qc7 19. Bf3 Na4 20. Qxc7 Rxc7 21.
Rbc1 Rxc1 22. Bxc1 Rd8 23. Rxd8+ Bxd8 24. b4 Nc3 25. a3 a5 26. bxa5 Bxa5 27. Kf1
b4 28. axb4 Bxb4 29. Bc6 f6 30. exf6 gxf6 31. f5 Kf7 32. Bd2 Nd5 33. fxe6+ Ke7
34. Bxd5 1/2-1/2

[Event "World Rapid 2021"]
[Site "Warsaw POL"]
[Date "2021.12.26"]
[Round "2.73"]
[White "Indjic, Aleksandar"]
[Black "Mikhalevski, Victor"]
[Result "1/2-1/2"]
[WhiteTitle "GM"]
[BlackTitle "GM"]
[WhiteElo "2623"]
[BlackElo "2562"]
[WhiteFideId "911925"]
[BlackFideId "2801914"]
[EventDate "2021.12.26"]

1. c4 Nf6 2. Nc3 d5 3. cxd5 Nxd5 4. g3 e5 5. Bg2 Nb6 6. d3 Be7 7. Be3 O-O 8. Rc1
Nc6 9. Bxc6 bxc6 10. Nf3 f6 11. Ne4 Be6 12. b3 f5 13. Ned2 Bd5 14. O-O Bd6 15.
a4 Qf6 16. Ne1 f4 17. Bc5 Qh6 18. Ne4 fxg3 19. hxg3 Rf5 20. Kg2 Rh5 21. Nf3 Qe6
22. Rh1 Bxb3 23. Qe1 Rxh1 24. Qxh1 Bd5 25. Neg5 Bxf3+ 26. Nxf3 Qd5 27. Be3 e4
28. dxe4 Qxe4 29. a5 Nd5 30. Bd4 Rf8 31. Qd1 Qg4 32. Bxa7 h5 33. Rxc6 Nf4+ 34.
Kg1 h4 35. Rxd6 cxd6 36. Nxh4 Qxe2 37. Qxe2 Nxe2+ 38. Kg2 Nc3 39. g4 Rf4 40. f3
Ra4 41. Bb6 Ra2+ 42. Kf1 Kf7 43. Nf5 d5 44. Bd4 Nb5 45. Bxg7 Rxa5 46. Kf2 Nd6
47. Nxd6+ Kxg7 48. Ke3 Kf6 49. Nf5 Ra4 50. Nd4 Rc4 51. f4 Rc3+ 52. Ke2 Rg3 53.
g5+ Kg6 54. Kd2 Kh5 55. Nf5 Rf3 56. Ne7 Rxf4 57. Kd3 d4 58. g6 Kh6 59. Nc6 Kxg6
60. Nxd4 Kf6 61. Ke3 Rh4 62. Nf3 Ra4 63. Nd4 Ke5 64. Nf3+ Kd5 65. Ng5 Rg4 66.
Nf3 Re4+ 67. Kd3 Re8 68. Ng5 Ke5 69. Nf3+ Kf4 70. Nd4 Rd8 71. Kc4 Ke4 72. Nc6
Rd5 73. Ne7 Rd1 74. Kc5 Rd2 75. Nc6 Rd5+ 76. Kc4 Rh5 77. Ne7 Ke5 78. Nc6+ Ke4
79. Ne7 Rh1 80. Kc5 Rc1+ 81. Kd6 Rd1+ 82. Kc5 Rd2 83. Nc6 Rd7 84. Kc4 Rd6 85.
Kc5 Re6 86. Nd4 Re5+ 87. Kc4 Re8 88. Nc6 Rc8 89. Kc5 Rxc6+ 90. Kxc6 1/2-1/2

[Event "World Rapid 2021"]
[Site "Warsaw POL"]
[Date "2021.12.26"]
[Round "3.20"]
[White "Maghsoodloo, Parham"]
[Black "Sargissian, Gabriel"]
[Result "1-0"]
[WhiteTitle "GM"]
[BlackTitle "GM"]
[WhiteElo "2701"]
[BlackElo "2681"]
[WhiteFideId "12539929"]
[BlackFideId "13300881"]
[EventDate "2021.12.26"]

1. d4 Nf6 2. c4 e6 3. Nc3 d5 4. cxd5 exd5 5. Bg5 c6 6. e3 h6 7. Bh4 Be7 8. Bd3
O-O 9. Nge2 Re8 10. Qc2 Nbd7 11. Rb1 a5 12. a3 Ne4 13. Bxe7 Qxe7 14. O-O Nd6 15.
Ng3 Nf6 16. Rfe1 Be6 17. f3 b5 18. a4 Rac8 19. Rbc1 b4 20. Nce2 Nd7 21. e4 dxe4
22. fxe4 c5 23. e5 Nb7 24. Nf4 Nb6 25. Nxe6 fxe6 26. Bb5 Red8 27. Qg6 Qf7 28.
Qxf7+ Kxf7 29. Ba6 Rc7 30. Ne4 c4 31. Bxb7 Rxb7 32. Nd6+ Rxd6 33. exd6 c3 34.
bxc3 b3 35. Rf1+ Ke8 36. Rce1 b2 37. Rxe6+ Kd8 38. Re7 Rxe7 39. dxe7+ Kxe7 40.
Rb1 Nxa4 41. c4 Ke6 42. Kf1 Kf5 43. c5 Ke6 44. Ke1 Kd5 45. Kd2 Kc4 46. Kc2 1-0

[Event "World Rapid 2021"]
[Site "Warsaw POL"]
[Date "2021.12.26"]
[Round "3.33"]
[White "Saric, Ivan"]
[Black "Mastrovasilis, Dimitrios"]
[Result "1/2-1/2"]
[WhiteTitle "GM"]
[BlackTitle "GM"]
[WhiteElo "2669"]
[BlackElo "2627"]
[WhiteFideId "14508150"]
[BlackFideId "4202694"]
[EventDate "2021.12.26"]

1. e4 e5 2. Nf3 Nc6 3. Bb5 Nf6 4. d3 Bc5 5. c3 O-O 6. O-O Re8 7. Bg5 a6 8. Ba4
h6 9. Bh4 Be7 10. Bg3 d6 11. Nbd2 Bf8 12. h3 b5 13. Bc2 Bb7 14. Re1 g6 15. a4
Bg7 16. b4 Nh5 17. Bb3 Qd7 18. Bh2 Kh7 19. Nf1 Nd8 20. Ne3 Ne6 21. Nd5 Rad8 22.
axb5 axb5 23. Ra7 c6 24. g4 cxd5 25. gxh5 dxe4 26. hxg6+ fxg6 27. dxe4 Qc8 28.
Bd5 Bxd5 29. exd5 Nf8 30. Qd3 Rd7 31. Rxd7 Nxd7 32. Nh4 Nf8 33. Re4 Bf6 34. Qxb5
Re7 35. Qd3 Rc7 36. c4 Bxh4 37. Rxh4 Qf5 38. Qe3 Qb1+ 39. Kg2 g5 40. Qe4+ Qxe4+
41. Rxe4 Nd7 42. c5 dxc5 43. Bxe5 Nxe5 44. d6 Rc8 45. Rxe5 cxb4 46. Rb5 Rd8 47.
Rb6 b3 48. Kf3 b2 49. Rxb2 Rxd6 1/2-1/2

[Event "World Rapid 2021"]
[Site "Warsaw POL"]
[Date "2021.12.26"]
[Round "3.37"]
[White "Faizrakhmanov, Ramil"]
[Black "Sjugirov, Sanan"]
[Result "1/2-1/2"]
[WhiteTitle "IM"]
[BlackTitle "GM"]
[WhiteElo "2480"]
[BlackElo "2680"]
[WhiteFideId "24103209"]
[BlackFideId "4189302"]
[EventDate "2021.12.26"]

1. d4 d5 2. c4 e6 3. Nf3 Nf6 4. Nc3 Nbd7 5. Bf4 Bb4 6. e3 Ne4 7. Qc2 g5 8. Be5
Rg8 9. Bd3 f5 10. cxd5 exd5 11. a3 Bxc3+ 12. bxc3 g4 13. Nd2 Nxe5 14. dxe5 Qe7
15. O-O Qxe5 16. c4 Nxd2 17. Qxd2 Be6 18. Qa5 b6 19. Qb5+ Kf7 20. cxd5 Qxd5 21.
Qxd5 Bxd5 22. Bxf5 h5 23. e4 Be6 24. f3 gxf3 25. Rxf3 Ke7 26. Bxe6 Kxe6 27. Raf1
Rg5 28. Rf6+ Ke5 29. Rc6 Rag8 30. g3 R8g7 31. Rfc1 h4 32. Rxc7 hxg3 33. Rxg7
gxh2+ 34. Kxh2 Rxg7 35. Rc4 Rd7 36. Ra4 a5 37. Kg3 Rd3+ 38. Kf2 Rd4 39. Rxd4
Kxd4 40. Kf3 b5 41. Kf4 b4 42. axb4 a4 43. e5 Kd5 44. b5 a3 45. b6 Kc6 46. e6 a2
47. e7 Kd7 48. b7 Kxe7 1/2-1/2

[Event "World Rapid 2021"]
[Site "Warsaw POL"]
[Date "2021.12.26"]
[Round "3.53"]
[White "Gukesh, D"]
[Black "Ghaem Maghami, Ehsan"]
[Result "1-0"]
[WhiteTitle "GM"]
[BlackTitle "GM"]
[WhiteElo "2614"]
[BlackElo "2519"]
[WhiteFideId "46616543"]
[BlackFideId "12500739"]
[EventDate "2021.12.26"]

1. d4 Nf6 2. c4 e6 3. Nf3 c5 4. d5 b5 5. dxe6 fxe6 6. cxb5 a6 7. bxa6 Bxa6 8.
Nc3 Nc6 9. e4 Bxf1 10. Kxf1 Be7 11. g3 d5 12. exd5 exd5 13. Bg5 d4 14. Bxf6 gxf6
15. Ne2 Bd6 16. Qb3 Rb8 17. Qd5 Qd7 18. Re1 Ne7 19. Qh5+ Kd8 20. b3 Qf5 21. Qxf5
Nxf5 22. Nc1 Kd7 23. Nd2 Rhe8 24. Re2 Ne7 25. Ke1 Nc6 26. Rxe8 Rxe8+ 27. Kd1 Nb4
28. Re1 Ra8 29. Nc4 Nd5 30. Kc2 h5 31. a3 h4 32. Nd3 Rh8 33. Re4 hxg3 34. hxg3
Rh2 35. Rh4 Rg2 36. b4 cxb4 37. Rxd4 Kc6 38. Nxd6 bxa3 39. Nf5 Rg1 40. Kb3 Rb1+
41. Kxa3 Nc7 42. Ka2 Rb8 43. Ne7+ Kb6 44. Nd5+ 1-0

[Event "World Rapid 2021"]
[Site "Warsaw POL"]
[Date "2021.12.26"]
[Round "4.6"]
[White "Svane, Rasmus"]
[Black "Giri, Anish"]
[Result "0-1"]
[WhiteTitle "GM"]
[BlackTitle "GM"]
[WhiteElo "2637"]
[BlackElo "2772"]
[WhiteFideId "4657101"]
[BlackFideId "24116068"]
[EventDate "2021.12.26"]

1. Nf3 c5 2. c4 Nf6 3. Nc3 e6 4. e3 Nc6 5. d4 d5 6. cxd5 Nxd5 7. Bd3 Be7 8. O-O
O-O 9. a3 cxd4 10. exd4 Bf6 11. Bc2 Nce7 12. Qd3 Ng6 13. Ne4 b6 14. Neg5 a5 15.
Qe4 Ba6 16. Re1 Rc8 17. h4 Bxg5 18. Bxg5 Nf6 19. Bxf6 gxf6 20. Bb3 f5 21. Qe3
Nxh4 22. d5 exd5 23. Nxh4 Qxh4 24. Qxb6 Rb8 25. Qxa6 Rxb3 26. Qxa5 Rxb2 27. Rf1
Rd8 28. Rad1 Ra2 29. Rxd5 Rxd5 30. Qxd5 Rxa3 31. Qxf5 Qd4 32. Qg5+ Kf8 33. Qc1
Ra2 34. Qb1 Rd2 35. Qxh7 Rd1 36. Qh6+ Kg8 37. Rxd1 Qxd1+ 38. Kh2 Qd4 39. Qg5+
Kf8 40. Kg3 f6 41. Qf4 Qd3+ 42. Qf3 Qg6+ 43. Qg4 Qd3+ 44. Kh2 Qd6+ 45. Qg3 Qd4
46. Qf3 Kf7 47. g3 Kg6 48. Kh3 f5 49. Qc6+ Kg7 50. Kg2 Qe5 51. Qc4 Qd6 52. Qb3
Qc6+ 53. Qf3 Qc5 54. Kh3 Kg6 55. Qe2 Qc6 56. f3 Kf7 57. Qd3 Qe6 58. Qc3 Qh6+ 59.
Kg2 Qe6 60. Qd2 Kg6 61. Kh3 Kf7 62. Qg5 Qd5 63. Qh5+ Kg7 64. Kh4 Qc4+ 65. Kg5
Qe6 66. Kf4 Qd6+ 67. Kxf5 Qd7+ 68. Kg5 Qd2+ 69. Kg4 Qd4+ 70. Kh3 Qd1 71. Qg5+
Kh7 72. Qf5+ Kg7 73. Qe5+ Kh7 74. Kg4 Qb3 75. Qf5+ Kg7 76. Kh5 Kh8 77. Qf6+ Kh7
78. Qe7+ Kh8 79. Qe5+ Kh7 80. Qf5+ 0-1

[Event "World Rapid 2021"]
[Site "Warsaw POL"]
[Date "2021.12.27"]
[Round "6.18"]
[White "Harsha, Bharathakoti"]
[Black "Paravyan, David"]
[Result "1/2-1/2"]
[WhiteTitle "GM"]
[BlackTitle "GM"]
[WhiteElo "2489"]
[BlackElo "2617"]
[WhiteFideId "5078776"]
[BlackFideId "4194985"]
[EventDate "2021.12.26"]

1. e4 e5 2. Nf3 Nc6 3. Bc4 Nf6 4. d3 d5 5. exd5 Nxd5 6. O-O Be7 7. Re1 f6 8. d4
Nb6 9. Bb5 O-O 10. dxe5 Qxd1 11. Rxd1 Nxe5 12. Nxe5 fxe5 13. Be3 Bf5 14. Nd2 c6
15. Bd3 Bxd3 16. cxd3 Nd5 17. Nc4 Nxe3 18. fxe3 Rad8 19. Nxe5 Bg5 20. Re1 Bf6
21. Ng4 Rxd3 22. Nxf6+ Rxf6 23. Rad1 Rfd6 24. Rxd3 Rxd3 25. Re2 Kf7 26. Kf2 Ke6
27. Rc2 Rd1 28. Ke2 Ra1 29. b3 a5 30. Kf3 Rb1 31. h4 Rf1+ 32. Ke4 Rf5 33. g4 Rb5
34. Rc4 h5 35. gxh5 Rxh5 36. Kd3 g5 37. hxg5 Rxg5 38. Rh4 Rd5+ 39. Kc3 Rc5+ 40.
Kd3 Rd5+ 41. Kc3 Rc5+ 42. Kd3 1/2-1/2

[Event "World Rapid 2021"]
[Site "Warsaw POL"]
[Date "2021.12.27"]
[Round "6.34"]
[White "Petrovskyi, Vadym"]
[Black "Socko, Bartosz"]
[Result "0-1"]
[WhiteTitle "CM"]
[BlackTitle "GM"]
[WhiteElo "2239"]
[BlackElo "2642"]
[WhiteFideId "14165210"]
[BlackFideId "1107038"]
[EventDate "2021.12.26"]

1. e4 c6 2. d4 d5 3. Nc3 dxe4 4. Nxe4 Bf5 5. Ng3 Bg6 6. h4 h6 7. Nf3 e6 8. h5
Bh7 9. Bd3 Bxd3 10. Qxd3 Nf6 11. Bd2 Be7 12. O-O-O O-O 13. Qe2 Nbd7 14. Ne5 c5
15. dxc5 Qc7 16. Nxd7 Nxd7 17. Bc3 Nxc5 18. Kb1 Rfd8 19. Be5 Qc6 20. Qg4 Bf8 21.
f3 Rac8 22. Qc4 b5 23. Qe2 a5 24. Ne4 a4 25. g4 Nxe4 26. Qxe4 Qxe4 27. fxe4 f6
28. Bg3 a3 29. b3 Bb4 30. Bf2 Bc3 31. Bb6 Rxd1+ 32. Rxd1 Kh7 33. Rd7 f5 34. gxf5
exf5 35. exf5 Re8 36. Kc1 Re2 37. Rd1 Rh2 38. Bd4 b4 39. Bxc3 bxc3 40. Rf1 Rxh5
41. Kd1 Rh2 42. Rf3 Rh1+ 43. Ke2 Ra1 44. Rxc3 Rxa2 45. Rc7 Kg8 46. Kd2 h5 47.
Kc3 Ra1 48. Ra7 h4 49. f6 gxf6 50. Ra4 h3 51. Rh4 Rg1 0-1

[Event "World Rapid 2021"]
[Site "Warsaw POL"]
[Date "2021.12.27"]
[Round "6.48"]
[White "Shoker, Samy"]
[Black "Van Foreest, Lucas"]
[Result "1-0"]
[WhiteTitle "GM"]
[BlackTitle "GM"]
[WhiteElo "2504"]
[BlackElo "2530"]
[WhiteFideId "627143"]
[BlackFideId "1039792"]
[EventDate "2021.12.26"]

1. Nf3 d5 2. g3 Nf6 3. Bg2 e6 4. O-O Be7 5. d3 O-O 6. Nbd2 c5 7. e4 Nc6 8. Re1
h6 9. c3 Re8 10. a3 a5 11. a4 Bf8 12. h3 b6 13. g4 Ba6 14. Bf1 Qc7 15. Nb1 Rad8
16. Qc2 c4 17. e5 cxd3 18. Bxd3 Bxd3 19. Qxd3 Nd7 20. Qe2 f6 21. exf6 Nxf6 22.
Na3 Ne4 23. Nb5 Qf7 24. Be3 Bc5 25. Nfd4 Nxd4 26. cxd4 Bb4 27. Rec1 e5 28. Rc7
Re7 29. Rxe7 Qxe7 30. dxe5 Bc5 31. Nd4 Bxd4 32. Bxd4 Ng5 33. h4 Nh3+ 34. Kf1
Qxh4 35. Ra3 Rf8 36. Bxb6 Nxf2 37. Rf3 Ne4 38. Rxf8+ Kxf8 39. Qf3+ Ke7 40. Bxa5
Qg5 41. Bb4+ Ke6 42. Qf5+ Qxf5+ 43. gxf5+ Kxe5 44. a5 Nd6 45. a6 Nb5 46. Bc5 d4
47. Ke2 Kd5 48. a7 Nc7 49. Bf8 h5 50. Bxg7 h4 51. Kf3 h3 52. Kg3 Ke4 53. f6 1-0

[Event "World Rapid 2021"]
[Site "Warsaw POL"]
[Date "2021.12.27"]
[Round "7.15"]
[White "Niemann, Hans Moke"]
[Black "Sarana, Alexey"]
[Result "1-0"]
[WhiteTitle "GM"]
[BlackTitle "GM"]
[WhiteElo "2645"]
[BlackElo "2666"]
[WhiteFideId "2093596"]
[BlackFideId "24133795"]
[EventDate "2021.12.26"]

1. e4 c5 2. Nf3 d6 3. Nc3 Nf6 4. Bb5+ Nbd7 5. a4 g6 6. d4 cxd4 7. Nxd4 Bg7 8.
O-O O-O 9. Be3 Qc7 10. Be2 a6 11. f4 Nb6 12. a5 Nc4 13. Bxc4 Qxc4 14. Qd3 Qxd3
15. cxd3 Ng4 16. Nc2 Nxe3 17. Nxe3 Bd4 18. Kf2 f5 19. Ke2 Bd7 20. Kd2 Bc6 21.
Ned5 Rf7 22. Nc7 Rc8 23. Ne6 Bxc3+ 24. bxc3 fxe4 25. Ng5 e3+ 26. Kxe3 Rf5 27. g4
Rf6 28. c4 Rcf8 29. Ne4 R6f7 30. Rf2 d5 31. cxd5 Bxd5 32. Rc1 Bc6 33. Rc5 Kg7
34. Ng5 Rf6 35. Re5 Re8 36. h3 Rd6 37. Ne6+ Kg8 38. f5 gxf5 39. Rfxf5 Bd7 40.
Rg5+ Kf7 41. Nc5 Bc6 42. Rgf5+ Rf6 43. Rxf6+ exf6 44. Rxe8 Kxe8 45. Kf4 Ke7 46.
h4 Kd6 47. Ne4+ Ke6 48. h5 h6 49. Ng3 b6 50. axb6 a5 51. Ke3 a4 52. Kd4 a3 53.
Kc3 Bf3 54. Nf5 Kd7 55. Nxh6 Kc6 56. Ng8 1-0

[Event "World Rapid 2021"]
[Site "Warsaw POL"]
[Date "2021.12.27"]
[Round "7.17"]
[White "Gareyev, Timur"]
[Black "Matlakov, Maxim"]
[Result "1-0"]
[WhiteTitle "GM"]
[BlackTitle "GM"]
[WhiteElo "2573"]
[BlackElo "2674"]
[WhiteFideId "14200937"]
[BlackFideId "4168003"]
[EventDate "2021.12.26"]

1. d4 Nf6 2. c4 e6 3. Nc3 Bb4 4. Nf3 d5 5. Qa4+ Nc6 6. e3 O-O 7. a3 Bxc3+ 8.
bxc3 Bd7 9. Qc2 Na5 10. cxd5 exd5 11. a4 Re8 12. Ba3 Ne4 13. Bd3 Bf5 14. O-O Nc4
15. Bxc4 dxc4 16. Qb2 b6 17. Ne5 Nd6 18. Rfe1 c5 19. Rad1 Qc7 20. h3 f6 21. Ng4
Bd3 22. f3 cxd4 23. cxd4 Nf5 24. e4 Qg3 25. Bb4 h5 26. exf5 hxg4 27. hxg4 Kf7
28. Re6 Rxe6 29. fxe6+ Kxe6 30. Rxd3 1-0

[Event "World Rapid 2021"]
[Site "Warsaw POL"]
[Date "2021.12.27"]
[Round "7.28"]
[White "Vidit, Santosh Gujrathi"]
[Black "Dudin, Gleb"]
[Result "1/2-1/2"]
[WhiteTitle "GM"]
[BlackTitle "IM"]
[WhiteElo "2727"]
[BlackElo "2474"]
[WhiteFideId "5029465"]
[BlackFideId "34184934"]
[EventDate "2021.12.26"]

1. d4 d5 2. c4 c6 3. Nf3 Nf6 4. cxd5 cxd5 5. Nc3 Nc6 6. Bf4 a6 7. Ne5 e6 8. e3
Nd7 9. Nxc6 bxc6 10. Bd3 Be7 11. O-O c5 12. b3 O-O 13. Na4 cxd4 14. exd4 Bb7 15.
Rc1 Rc8 16. Qe2 Ba3 17. Rc2 Qf6 18. Qe3 h6 19. b4 Bxb4 20. Rb1 a5 21. a3 Rxc2
22. Bxc2 Rc8 23. Bd3 Bxa3 24. Rxb7 Bc1 25. Be5 Nxe5 26. Qxe5 Qxe5 27. dxe5 Bf4
28. g3 Bxe5 29. Ra7 g6 30. Rxa5 Rc1+ 31. Kg2 Ra1 32. Ra8+ Kg7 33. Nb6 Rd1 34.
Be2 Rd2 35. Kf1 Bd4 36. Nd7 Rb2 37. Rc8 Rb1+ 38. Kg2 Rb2 39. Kf1 Rb1+ 40. Kg2
Rb2 41. Kf1 1/2-1/2

[Event "World Rapid 2021"]
[Site "Warsaw POL"]
[Date "2021.12.27"]
[Round "7.29"]
[White "Narayanan, S.L."]
[Black "Howell, David W L"]
[Result "1/2-1/2"]
[WhiteTitle "GM"]
[BlackTitle "GM"]
[WhiteElo "2658"]
[BlackElo "2646"]
[WhiteFideId "5058422"]
[BlackFideId "410608"]
[EventDate "2021.12.26"]

1. d4 d5 2. c4 c6 3. Nf3 Nf6 4. Nc3 dxc4 5. a4 e6 6. e3 c5 7. Bxc4 cxd4 8. exd4
Be7 9. O-O O-O 10. Ne5 Nc6 11. Nxc6 bxc6 12. Bf4 a5 13. Qd3 Qb6 14. Rfd1 Ba6 15.
b3 Rfd8 16. Ne4 Nxe4 17. Qxe4 Bf6 18. Be3 Bxc4 19. bxc4 Qa6 20. Rac1 Rd7 21. g3
Rad8 22. Rd2 h6 23. h4 Rb7 24. Kh2 Rb4 25. Qc2 Qb7 26. Rcd1 Qa6 27. Rc1 Rd7 28.
Rd3 Qb7 29. Rd2 Qa6 30. Rd3 Qb7 31. Rd2 Rb3 32. Qe4 Rb4 33. Qc2 1/2-1/2

[Event "World Rapid 2021"]
[Site "Warsaw POL"]
[Date "2021.12.27"]
[Round "7.33"]
[White "Erdos, Viktor"]
[Black "Costachi, Mihnea"]
[Result "1-0"]
[WhiteTitle "GM"]
[BlackTitle "IM"]
[WhiteElo "2615"]
[BlackElo "2463"]
[WhiteFideId "719978"]
[BlackFideId "1217518"]
[EventDate "2021.12.26"]

1. e4 e5 2. Nf3 Nc6 3. Bc4 Bc5 4. c3 Nf6 5. d4 exd4 6. e5 d5 7. Bb5 Ne4 8. cxd4
Bb6 9. Nc3 O-O 10. Be3 Bg4 11. h3 Bh5 12. Qc2 Bg6 13. Qb3 Ne7 14. O-O c6 15. Bd3
Nd2 16. Nxd2 Bxd3 17. Rfe1 Bg6 18. Na4 Nf5 19. Nf3 Nxe3 20. Rxe3 Re8 21. Qc3 Ba5
22. b4 Bb6 23. Qb2 f6 24. Rae1 fxe5 25. Nxe5 Qd6 26. Nc5 Rab8 27. Ncd7 Rbd8 28.
Nxb6 axb6 29. a4 Rf8 30. a5 b5 31. Rc1 Ra8 32. Ra3 Be8 33. Nd3 Rc8 34. a6 bxa6
35. Rxa6 Qf6 36. Ne5 Qf4 37. Ra3 Qh4 38. Rf3 Rxf3 39. Nxf3 Qf4 40. Ne5 Ra8 41.
Re1 Qf6 42. Re3 Bg6 43. Rc3 Be8 44. Rf3 Qh4 45. Qc3 Qe7 46. Nxc6 Bxc6 47. Qxc6
Rd8 48. Qxb5 Qe4 49. Qb6 Rc8 50. Qb7 Rc1+ 51. Kh2 Qe6 52. Rg3 g6 53. Re3 Qd6+
54. Re5 Rc4 55. b5 Rxd4 56. Qa8+ Kg7 57. Qa7+ Kf6 58. Qxd4 Qxe5+ 59. Qxe5+ Kxe5
60. f4+ Kd6 61. g4 Kc5 62. f5 gxf5 63. gxf5 d4 64. f6 Kd6 65. Kg2 Ke6 66. b6 d3
67. Kf2 d2 68. Ke2 1-0

[Event "World Rapid 2021"]
[Site "Warsaw POL"]
[Date "2021.12.27"]
[Round "7.34"]
[White "Sargsyan, Shant"]
[Black "Timofeev, Artyom"]
[Result "1/2-1/2"]
[WhiteTitle "GM"]
[BlackTitle "GM"]
[WhiteElo "2628"]
[BlackElo "2572"]
[WhiteFideId "13306766"]
[BlackFideId "4140419"]
[EventDate "2021.12.26"]

1. d4 d5 2. c4 dxc4 3. Nf3 Nf6 4. e3 e6 5. Bxc4 c5 6. O-O a6 7. b3 cxd4 8. Nxd4
Bd6 9. Bb2 O-O 10. Nd2 Qe7 11. Bd3 e5 12. Nf5 Bxf5 13. Bxf5 Nc6 14. Nc4 Bc5 15.
Qf3 g6 16. Be4 Nxe4 17. Qxe4 Rfe8 18. Rfd1 Rad8 19. Rac1 Qe6 20. Rxd8 Rxd8 21.
Nxe5 Rd2 22. Bc3 Rxa2 23. h3 Ba3 24. Rb1 Bd6 25. Ng4 Qxe4 26. Nf6+ Kf8 27. Nxe4
Be7 28. Nf6 h5 29. Nd5 f5 30. Rd1 Kf7 31. g3 Ra3 32. Rb1 Bd6 33. Kg2 Be5 34. Be1
Ke6 35. Nf4+ Bxf4 36. gxf4 a5 37. Kg3 b5 38. Kh4 b4 39. Kg5 Kf7 40. Rc1 Ne7 41.
Rc5 Ra2 42. Rc1 Re2 43. Kh4 Nd5 44. Kg3 Nf6 45. Kf3 Rb2 46. Rc7+ Ke8 47. Ra7
Rxb3 48. Rxa5 Rb1 49. Ke2 Ne4 50. Rb5 Rb2+ 51. Kd3 Nxf2+ 52. Bxf2 Rxf2 53. Rxb4
Rh2 54. Kd4 Rxh3 55. Ke5 Rxe3+ 56. Kf6 Rg3 57. Ke6 Kd8 58. Rb7 h4 59. Rd7+ Kc8
60. Rh7 h3 61. Ke5 Kd8 62. Kd6 Rd3+ 63. Ke6 Kc8 64. Kf6 Rg3 65. Ke5 Kb8 66. Kd4
Kc8 67. Ke5 Kd8 68. Kd6 Kc8 69. Ke5 Rf3 70. Rh6 Re3+ 71. Kf6 Rg3 72. Rh7 g5 73.
Kxf5 g4 74. Kg5 Rg2 75. f5 h2 76. f6 g3 77. Kg4 Rf2 78. Kxg3 Rxf6 79. Rxh2 1/2-1/2

[Event "World Rapid 2021"]
[Site "Warsaw POL"]
[Date "2021.12.27"]
[Round "7.50"]
[White "Piorun, Kacper"]
[Black "Teclaf, Pawel"]
[Result "1/2-1/2"]
[WhiteTitle "GM"]
[BlackTitle "IM"]
[WhiteElo "2640"]
[BlackElo "2542"]
[WhiteFideId "1130420"]
[BlackFideId "1185934"]
[EventDate "2021.12.26"]

1. e4 c5 2. Nf3 e6 3. g3 Nc6 4. Bg2 Nf6 5. d3 Be7 6. O-O O-O 7. Re1 d6 8. d4
cxd4 9. Nxd4 Bd7 10. Nc3 Nxd4 11. Qxd4 Bc6 12. a4 d5 13. exd5 Nxd5 14. Nxd5 Bxd5
15. Bxd5 Bf6 16. Qb4 Qxd5 17. Ra3 Qc6 18. Qe4 Rac8 19. Qxc6 Rxc6 20. c3 Rd8 21.
Be3 a6 22. Rb3 Rd7 23. Kf1 Rc4 24. Ra1 Kf8 25. Ke2 Ke8 26. Rd1 Rxd1 27. Kxd1 Rc7
28. Ke2 Be7 29. g4 Kd7 30. Kd3 Kc8 31. Bb6 Rd7+ 32. Ke2 h5 33. h3 Rd5 34. c4
Re5+ 35. Re3 Rxe3+ 36. Kxe3 hxg4 37. hxg4 Kd7 38. Bd4 g6 1/2-1/2